Name the Work of Art (Nichole) - Statistics

General Stats
  • This quiz has been taken 26 times
  • The average score is 10 of 25
Answer Stats
Picture Answer % Correct
Mona Lisa
100%
The Starry Night
100%
The Last Supper
92%
The Scream
75%
David
67%
The Birth of Venus
67%
Girl with a Pearl Earring
50%
Guernica
42%
The Kiss
42%
The Kiss
42%
The Night Watch
42%
American Gothic
33%
Creation of Adam
25%
Nighthawks
25%
The Persistence of Memory
25%
The School of Athens
25%
Les Demoiselles d'Avignon
17%
The Arnolfini Portrait
17%
The Hay Wain
17%
Water Lilies
17%
Christ of Saint John of the Cross
8%
Las Meninas
8%
Liberty Leading the People
8%
The Girl with a Red Hat
8%
The Treachery of Images
8%
No matching quizzes found
Score Distribution
Percent of People with Each Score
Percentile by Number Answered
Your Score History
You have not taken this quiz